书目信息 |
| 题名: |
Protel 2004电路设计教程
|
|
| 作者: | 张松 编著 | |
| 分册: | ||
| 出版信息: | 北京 清华大学出版社 2006 |
|
| 页数: | 224页 | |
| 开本: | 26cm | |
| 丛书名: | ||
| 单 册: | ||
| 中图分类: | TN410.2 | |
| 科图分类: | ||
| 主题词: | 印刷电路--计算机辅助设计--技术教育--教材 , 计算机辅助设计 , 印刷电路 | |
| 电子资源: | ||
| ISBN: | 7-302-14213-0(含光盘) | |
| 000 | 01189nam0 2200313 450 | |
| 000 | 01195nam0 2200313 450 | |
| 000 | 01125nam0 2200289 450 | |
| 000 | 01089nam0 2200277 45 | |
| 005 | 20070606172125.76 | |
| 010 | @a7-302-14213-0(含光盘)@dCNY26.00 | |
| 100 | @a20070521d2006 em y0chiy0120 ea | |
| 101 | 0 | @achi |
| 102 | @aCN@b110000 | |
| 105 | @ay z 000yy | |
| 200 | 1 | @aProtel 2004电路设计教程@AProtel 2004 Dian Lu She Ji Jiao Cheng@f张松[等]编著@FZhang Song [ Deng ] Bian Zhu |
| 210 | @a北京@c清华大学出版社@d2006 | |
| 215 | @a224页@d26cm@e含光盘1片 | |
| 300 | @a计算机职业教育双师技能型规划教材 | |
| 304 | @a编著者还有:张霆、廖科、胡科 | |
| 307 | @a附光盘:ISBN 7-89487-117-6 | |
| 330 | @a本书由10章组成,包括Protel设计快速入门、电路原理图设计、电路原理图后处理、印刷电路板设计、印刷电路板设计技巧、印刷电路板设计的后处理、层次电路原理图与多层电路板的设计、创建与修改元件库、PCB设计综合实例。 | |
| 606 | 0 | @a印刷电路@x计算机辅助设计@x技术教育@j教材 |
| 606 | 0 | @a计算机辅助设计 |
| 606 | 0 | @a印刷电路 |
| 610 | 1 | @aProtel |
| 690 | @aTN410.2@v4 | |
| 701 | 0 | @a张松@AZhang Song@c(计算机)@4编著 |
| 801 | 0 | @aCN@bTAOJIN@c20070606 |
| 905 | @a10447@dTN410.2@e109 | |
| Protel 2004电路设计教程/张松[等]编著.-北京:清华大学出版社,2006 |
| 224页;26cm+含光盘1片 |
| 计算机职业教育双师技能型规划教材 |
| ISBN 7-302-14213-0(含光盘):CNY26.00 |
| 本书由10章组成,包括Protel设计快速入门、电路原理图设计、电路原理图后处理、印刷电路板设计、印刷电路板设计技巧、印刷电路板设计的后处理、层次电路原理图与多层电路板的设计、创建与修改元件库、PCB设计综合实例。 |
| ● |
| 相关链接 |
|
|
|
|
正题名:Protel 2004电路设计教程
索取号:TN410.2/109
 
预约/预借
| 序号 | 登录号 | 条形码 | 馆藏地/架位号 | 状态 | 备注 |
| 1 | 0526627 | 205266273 | 第二样本阅览室/ [索取号:TN410.2/109] | 在馆 | |
| 2 | 0526628 | 205266282 | 第三借阅区/ [索取号:TN410.2/109] | 在馆 | |
| 3 | 0526629 | 205266291 | 第三借阅区/ [索取号:TN410.2/109] | 在馆 | |
| 4 | 0526630 | 205266308 | 第三借阅区/ [索取号:TN410.2/109] | 在馆 | |
| 5 | 0526631 | 205266317 | 第三借阅区/ [索取号:TN410.2/109] | 在馆 | |
| 6 | 0526632 | 205266326 | 第三借阅区/ [索取号:TN410.2/109] | 在馆 | |
| 7 | 0526633 | 205266335 | 第三借阅区/ [索取号:TN410.2/109] | 在馆 | |
| 8 | 0526634 | 205266344 | 第三借阅区/ [索取号:TN410.2/109] | 在馆 |